Estudio de impacto ambiental para definir la introducción a la acuicultura colombiana de la langosta australiana Cherax quadricarinatus (Registro nro. 4740)

Detalles MARC
000 -CABECERA
Campo de control 00792nam a2200229 a 4500
005 - FECHA Y HORA DE LA ULTIMA TRANSACCION
Campo de control 20151112151116.0
008 - ELEMENTOS DE LONGITUD FIJA—INFORMACION GENERAL
Campo de control 140317b1999 ||||| |||| 00| 0 spa d
040 ## - FUENTE DE CATALOGACIÓN
Agencia catalogadora original CO-BoIAVH
Agencia transcriptora CO-BoIAVH
041 ## - IDIOMA
Código de idioma para texto/pista de sonido o título separado Español
090 ## - CLASIFICACIÓN LOCAL
Colección LB
Consecutivo 04236
100 ## - ASIENTO PRINCIPAL--NOMBRE PERSONAL
Nombre personal Moreno Madriñan, Max Jacobo
245 ## - MENCION DE TITULO
Título Estudio de impacto ambiental para definir la introducción a la acuicultura colombiana de la langosta australiana Cherax quadricarinatus
260 ## - PUBLICACION, DISTRIBUCION, ETC. (PIE DE IMPRENTA)
Lugar de publicación, distribución, etc. s.l.
Nombre del editor, distribuidor, etc. INPA
-- Centro Nacional de Investigaciones Acuicolas de Repelón
Fecha de publicación, distribución, etc. 1999?
300 ## - DESCRIPCION FISICA
Extensión 50 p.
650 ## - ASIENTO SECUNDARIO DE MATERIA - TERMINO TEMATICO
Término temático o nombre geográfico como elemento de entrada Aspectos Taxonomicos
650 ## - ASIENTO SECUNDARIO DE MATERIA - TERMINO TEMATICO
Término temático o nombre geográfico como elemento de entrada Morfologia
650 ## - ASIENTO SECUNDARIO DE MATERIA - TERMINO TEMATICO
Término temático o nombre geográfico como elemento de entrada Anatomia
650 ## - ASIENTO SECUNDARIO DE MATERIA - TERMINO TEMATICO
Término temático o nombre geográfico como elemento de entrada Relación talla- peso
700 ## - ASIENTO SECUNDARIO - NOMBRE PERSONAL
Nombre personal Vallecia Varela, Jaime
942 ## - ELEMENTOS ADICIONALES (KOHA)
Tipo de ítem Informe Técnico
Sistema de clasificación Local
945 ## - PROCESAMIENTO LOCAL
AAAA-MM-DD - Fecha de ingreso o modificacion 2005-08-09
Existencias
Withdrawn status Lost status Sistema de Clasificación Damaged status No para préstamo Colección Inventariado Ubicación Permanente Ubicación actual Fecha de adquisición Fuente de Valor Total Checkouts Número topográfico Inventario / Código de Barras Date last seen Ejemplar Price effective from Forma de adquisición Tipo de material
    Local     General Inventariado 2017 Bogotá Bogotá 09/08/2005 Cavelier, Inés   LB-04236 019619 04/12/2012 Ej. 1 04/12/2012   Informe Técnico